| 000 | 01255nam a2200337 4500 | ||
|---|---|---|---|
| 999 |
_c17804 _d17776 |
||
| 003 | EG-ScBUE | ||
| 005 | 20200907100932.0 | ||
| 008 | 131209s2011 nyu f 000 1 eng d | ||
| 020 | _a9780062090010 | ||
| 040 |
_aEG-ScBUE _beng _erda _cEG-ScBUE _dEG-ScBUE |
||
| 041 | 1 |
_aeng _hpor |
|
| 082 | 0 | 4 |
_a869.342 _bCOE _222 |
| 100 | 1 |
_aCoelho, Paulo, _eauthor. _97189 |
|
| 245 | 1 | 0 |
_aWarrior of the light : _ba manual / _cPaul Coelho ; translated from the Portuguese by Margaret Jull Costa. |
| 246 | 3 | 4 |
_aWarrior of the light : _ba manual :short notes on accepting failure, embracing life and rising ti your destiny |
| 250 | _aInternational edition. | ||
| 264 | 1 |
_aNew York : _bHarper Collins Publishers, _c2011. |
|
| 300 |
_axix, 136 pages ; _c18 cm. |
||
| 336 |
_2rdacontent _atext _btxt |
||
| 337 |
_2rdamedia _aunmediated _bn |
||
| 338 |
_2rdacarrier _avolume _bnc |
||
| 490 | 0 | _aHarper fiction | |
| 500 | _aCompanion to : The alchemist. | ||
| 546 | _aTranslated from the Portuguese. | ||
| 590 | _aBook for the road program. | ||
| 650 | 7 |
_934584 _aPortuguese fiction _y21st century. _2BUEsh |
|
| 653 |
_cDecember2013 _bHHUUEENN |
||
| 655 |
_vReading book _934232 |
||
| 700 | 1 |
_924370 _aCosta, Margaret Jull. _etranslator. |
|
| 942 |
_2ddc _cBB _k869.342 COE |
||